<?xml version="1.0" encoding="UTF-8"?>
<record
    xmlns:xsi="http://www.w3.org/2001/XMLSchema-instance"
    xsi:schemaLocation="http://www.loc.gov/MARC21/slim http://www.loc.gov/standards/marcxml/schema/MARC21slim.xsd"
    xmlns="http://www.loc.gov/MARC21/slim">

  <leader>02864nam a2200361 a 4500</leader>
  <controlfield tag="001">Z_3706</controlfield>
  <controlfield tag="003">CHAP</controlfield>
  <controlfield tag="005">20240917144349.0</controlfield>
  <controlfield tag="007">ta</controlfield>
  <controlfield tag="008">220113s1981    mx a   frf    001 0 spa d</controlfield>
  <datafield tag="010" ind1=" " ind2=" ">
    <subfield code="a">166787</subfield>
  </datafield>
  <datafield tag="040" ind1=" " ind2=" ">
    <subfield code="a">Z</subfield>
    <subfield code="c">CHAP</subfield>
  </datafield>
  <datafield tag="041" ind1="0" ind2=" ">
    <subfield code="b">Espa&#xF1;ol</subfield>
    <subfield code="f">Espa&#xF1;ol</subfield>
  </datafield>
  <datafield tag="082" ind1="0" ind2="0">
    <subfield code="a">591.1</subfield>
    <subfield code="b">S25 1981</subfield>
    <subfield code="2">20</subfield>
  </datafield>
  <datafield tag="100" ind1="1" ind2=" ">
    <subfield code="a">Salazar Bustos, Ma. del Socorro</subfield>
    <subfield code="9">140910</subfield>
    <subfield code="e">autor</subfield>
  </datafield>
  <datafield tag="245" ind1="1" ind2="0">
    <subfield code="a">Manual de pr&#xE1;cticas de laboratorio: </subfield>
    <subfield code="b">fisiolog&#xED;a animal de los sistemas  /</subfield>
    <subfield code="c">Ma. del Socorro Salazar Bustos</subfield>
  </datafield>
  <datafield tag="264" ind1=" " ind2="1">
    <subfield code="a">Chapingo, Estado de M&#xE9;xico :</subfield>
    <subfield code="b">UACh. Departamento de Zootecnia,</subfield>
    <subfield code="c">[1981]</subfield>
  </datafield>
  <datafield tag="300" ind1=" " ind2=" ">
    <subfield code="a">180 hojas:</subfield>
    <subfield code="b">ilustraciones, tablas, diagramas</subfield>
  </datafield>
  <datafield tag="336" ind1=" " ind2=" ">
    <subfield code="2">rdacontent</subfield>
    <subfield code="a">texto </subfield>
    <subfield code="b">txt</subfield>
  </datafield>
  <datafield tag="337" ind1=" " ind2=" ">
    <subfield code="2">rdamedia</subfield>
    <subfield code="a">sin medio</subfield>
    <subfield code="b">n</subfield>
  </datafield>
  <datafield tag="338" ind1=" " ind2=" ">
    <subfield code="2">rdacarrier</subfield>
    <subfield code="a">volumen</subfield>
    <subfield code="b">nc</subfield>
  </datafield>
  <datafield tag="500" ind1=" " ind2=" ">
    <subfield code="a">ej.1 - ej.2: S/N</subfield>
  </datafield>
  <datafield tag="504" ind1=" " ind2=" ">
    <subfield code="a">Incluye bibliograf&#xED;a</subfield>
  </datafield>
  <datafield tag="505" ind1="0" ind2="0">
    <subfield code="g">I. Pr&#xF3;logo -- II. Objetivos generales -- III. Experimentos -- 1. T&#xE9;cnicas del registro gr&#xE1;fico I -- 2. T&#xE9;cnicas del registro gr&#xE1;fico II -- 3. La construcci&#xF3;n del m&#xFA;sculo esquel&#xE9;tico -- 4. Actividades reflejo -- 5 y 6. Ciclo estral en la cabra -- 7. Propiedades del m&#xFA;sculo liso: &#xFA;tero e intestino -- 8. C&#xE9;lulas de la sangre I -- 9. C&#xE9;lulas de la sangre II -- 10. Tipos sangu&#xED;neos ABO y Factor RH -- 11. Ciclo card&#xED;aco de la tortuga -- 12. Influencias qu&#xED;micas sobre la actividad del miocardio -- 13. Electrocardiograf&#xED;a -- 14. Mec&#xE1;nica respiratoria.</subfield>
  </datafield>
  <datafield tag="520" ind1=" " ind2=" ">
    <subfield code="a">En la explotaci&#xF3;n de especies de inter&#xE9;s zoot&#xE9;cnico es necesario conocer sus ciclos reproductivos, su patr&#xF3;n de comportamiento, el metabolismo intermedio de los nutrientes, las especies forrajeras de mayor utilidad, los procesos de fermentaci&#xF3;n ruminal, las mejore gen&#xE9;tica de estas especies, el control de sanidad etc. Todo esto, implica una serie de conocimientos previos para la comprensi&#xF3;n de los fen&#xF3;menos fisiol&#xF3;gicos que se llevan  a cabo en un organismo animal, objetivos propios de la fisiolog&#xED;a, y para obtener un incremento en la producci&#xF3;n , se requieren de dietas propias, de sincronizaci&#xF3;n de celos, de fertilidad artificial, de un manejo adecuado de los animales, etc. fin &#xFA;ltimo de la explotaci&#xF3;n pecuaria. Por ello  en este curso de fisiolog&#xED;a animal de los sistemas, pretendemos iniciar al estudiante en el conocimiento de c&#xF3;mo funcionan cada uno de los &#xF3;rganos, c&#xF3;mo se relacionan, c&#xF3;mo se coordinan y qu&#xE9; factores ambientales influyen en su funcionamiento, a trav&#xE9;s de pr&#xE1;cticas demostrativas en e laboratorio con animales de experimentaci&#xF3;n, cuyos resultados servir&#xE1;n en el an&#xE1;lisis y en las conclusiones de  estos fen&#xF3;menos fisiol&#xF3;gicos.</subfield>
  </datafield>
  <datafield tag="650" ind1="1" ind2="3">
    <subfield code="a">Fisiolog&#xED;a animal</subfield>
    <subfield code="x">T&#xE9;cnica</subfield>
    <subfield code="9">41131</subfield>
  </datafield>
  <datafield tag="650" ind1="1" ind2="3">
    <subfield code="a">Fisiolog&#xED;a animal</subfield>
    <subfield code="x">Manuales de laboratorio</subfield>
    <subfield code="9">41132</subfield>
  </datafield>
  <datafield tag="901" ind1=" " ind2=" ">
    <subfield code="a">591.1 S25 1981</subfield>
  </datafield>
  <datafield tag="902" ind1=" " ind2=" ">
    <subfield code="a">M</subfield>
  </datafield>
  <datafield tag="910" ind1=" " ind2=" ">
    <subfield code="a">1981</subfield>
  </datafield>
  <datafield tag="942" ind1=" " ind2=" ">
    <subfield code="c">LIBRO</subfield>
    <subfield code="2">ddc</subfield>
  </datafield>
  <datafield tag="942" ind1=" " ind2=" ">
    <subfield code="c">LIBRO</subfield>
    <subfield code="2">ddc</subfield>
  </datafield>
  <datafield tag="999" ind1=" " ind2=" ">
    <subfield code="c">166787</subfield>
    <subfield code="d">166787</subfield>
  </datafield>
  <datafield tag="952" ind1=" " ind2=" ">
    <subfield code="0">0</subfield>
    <subfield code="1">0</subfield>
    <subfield code="2">ddc</subfield>
    <subfield code="4">0</subfield>
    <subfield code="5">1</subfield>
    <subfield code="7">0</subfield>
    <subfield code="8">GRAL</subfield>
    <subfield code="a">Z</subfield>
    <subfield code="b">Z</subfield>
    <subfield code="d">2005-11-09</subfield>
    <subfield code="i">S/N</subfield>
    <subfield code="o">591.1 S25 1981</subfield>
    <subfield code="p">5102001110</subfield>
    <subfield code="r">2022-01-18 00:00:00</subfield>
    <subfield code="t">Ej.2</subfield>
    <subfield code="w">2022-01-18</subfield>
    <subfield code="y">LIBRO</subfield>
  </datafield>
  <datafield tag="952" ind1=" " ind2=" ">
    <subfield code="0">0</subfield>
    <subfield code="1">0</subfield>
    <subfield code="2">ddc</subfield>
    <subfield code="4">0</subfield>
    <subfield code="5">1</subfield>
    <subfield code="7">0</subfield>
    <subfield code="8">GRAL</subfield>
    <subfield code="a">Z</subfield>
    <subfield code="b">Z</subfield>
    <subfield code="d">2005-11-09</subfield>
    <subfield code="i">S/N</subfield>
    <subfield code="l">1</subfield>
    <subfield code="o">591.1 S25 1981</subfield>
    <subfield code="p">5102004191</subfield>
    <subfield code="r">2023-03-29 00:00:00</subfield>
    <subfield code="s">2023-03-29</subfield>
    <subfield code="t">Ej.3</subfield>
    <subfield code="w">2022-01-18</subfield>
    <subfield code="y">LIBRO</subfield>
  </datafield>
  <datafield tag="952" ind1=" " ind2=" ">
    <subfield code="0">0</subfield>
    <subfield code="1">0</subfield>
    <subfield code="2">ddc</subfield>
    <subfield code="4">0</subfield>
    <subfield code="5">1</subfield>
    <subfield code="7">0</subfield>
    <subfield code="8">GRAL</subfield>
    <subfield code="a">Z</subfield>
    <subfield code="b">Z</subfield>
    <subfield code="d">2013-06-10</subfield>
    <subfield code="i">S/N</subfield>
    <subfield code="l">2</subfield>
    <subfield code="o">591.1 S25 1981</subfield>
    <subfield code="p">5102006081</subfield>
    <subfield code="r">2023-05-12 00:00:00</subfield>
    <subfield code="s">2023-05-12</subfield>
    <subfield code="t">Ej.1</subfield>
    <subfield code="w">2022-01-18</subfield>
    <subfield code="y">LIBRO</subfield>
  </datafield>
  <datafield tag="952" ind1=" " ind2=" ">
    <subfield code="0">0</subfield>
    <subfield code="1">0</subfield>
    <subfield code="2">ddc</subfield>
    <subfield code="4">0</subfield>
    <subfield code="5">1</subfield>
    <subfield code="7">0</subfield>
    <subfield code="8">GRAL</subfield>
    <subfield code="a">Z</subfield>
    <subfield code="b">Z</subfield>
    <subfield code="d">2013-06-10</subfield>
    <subfield code="i">S/N</subfield>
    <subfield code="o">591.1 S25 1981</subfield>
    <subfield code="p">5102006082</subfield>
    <subfield code="r">2022-01-18 00:00:00</subfield>
    <subfield code="t">Ej.4</subfield>
    <subfield code="w">2022-01-18</subfield>
    <subfield code="y">LIBRO</subfield>
  </datafield>
</record>
